All Premier League Shirt Sponsors Ever - Statistics

General Stats
  • This quiz has been taken 1,588 times
    445 since last reset
  • The average score is 28 of 215
Answer Stats
Manager % Correct
Fly Emirates
84%
Three
70%
O2
64%
Etihad Airways
63%
Chevrolet
62%
Samsung
62%
Carlsberg
60%
Standard Chartered
55%
Sharp
49%
AIG
48%
Vodafone
48%
JVC
46%
Snapdragon
45%
TeamViewer
45%
Yokohama Tyres
42%
AIA
41%
Aon
38%
bet365
36%
Chang Beer
35%
King Power
34%
American Express
32%
Dreamcast
32%
SEGA
32%
Betway
29%
Newcastle Brown Ale
27%
Thomas Cook
26%
Hewlett-Packard
25%
Walkers Crisps
24%
Coors
22%
Reebok
22%
Stake.com
22%
Brother
21%
Pizza Hut
21%
Holsten
20%
Betano
19%
Cazoo
19%
Dafabet
19%
Dr. Martens
19%
Mansion
19%
Sela
19%
888.com
18%
Autoglass
18%
Doritos
18%
LG
18%
Northern Rock
18%
EDS
17%
McEwan’s Lager
17%
ntl:
17%
Wonga
17%
Hollywoodbets
15%
Strongbow
15%
Visit Malaysia
15%
W88
15%
Acorns
14%
AST Computer
14%
Crown Paints
14%
FxPro
14%
Müller
14%
NEC
14%
Puma
14%
Rover
14%
T-Mobile
14%
Vaux Breweries
14%
BJ88
13%
Ed Sheeran
13%
Infinite Athlete
13%
Lotus
13%
Sanderson
13%
Commodore
12%
F&C Investments
12%
ORA
12%
Peugeot
12%
SBOTOP
12%
Ty
12%
32Red
11%
AirAsia
11%
BT Cellnet
11%
DWS Investments
11%
Eidos
11%
JJB Sports
11%
one2one
11%
Britannia
10%
Dagenham Motors
10%
Fun88
10%
Labatt's
10%
Reg Vardy
10%
SBOBET
10%
TDK
10%
Virgin Media
10%
XL Holidays
10%
Amiga
9%
Aviva
9%
Danka
9%
JD Sports
9%
LDV Vans
9%
Lonsdale
9%
MG
9%
Mita Copiers
9%
NET88
9%
OPE Sports
9%
Subaru
9%
Thistle Hotels
9%
Thomson
9%
Tourism Authority of Thailand
9%
Virgin Money
9%
Vitality
9%
Waitrose
9%
BK8
8%
Damac
8%
Flybe
8%
Genting Casinos
8%
Intuit QuickBooks
8%
JCT600
8%
Packard Bell
8%
Phones 4u
8%
Redbus
8%
SportPesa
8%
Time Computers
8%
Tombola
8%
Boylesports
7%
cinch
7%
DEBET
7%
First Advice
7%
Greene King
7%
Kaiyun Sports
7%
Ramsdens
7%
Sportsbet.io
7%
Admiral
6%
Aurasma
6%
BC.GAME
6%
Bet24
6%
Betfair.com
6%
Compaq
6%
Dimplex
6%
Draper Tools
6%
Elonex
6%
FBS
6%
Invest in Africa
6%
Isuzu
6%
Kejian
6%
ManBetX
6%
OKI
6%
Tulip Computers
6%
Veho
6%
Whyte & Mackay
6%
Alpari
5%
AstroPay
5%
Autonomy
5%
BetVictor
5%
Bidvest
5%
Burmah
5%
Friends Provident
5%
GAC Logistics
5%
Garmin
5%
Ideal Boilers
5%
JobServe
5%
Pinnacle
5%
Proton
5%
Rollbit
5%
Shipstones
5%
Sportingbet
5%
Tiny
5%
188BET
4%
All:Sports
4%
Churchill Insurance
4%
Classic FM
4%
Fisons
4%
ICI
4%
Jobsite.co.uk
4%
LD Sports
4%
LoveBet
4%
Marathonbet
4%
Marston's Pedigree
4%
Neteller
4%
Norwich and Peterborough Building Society
4%
Pipex
4%
The Prince’s Trust
4%
Zoopla
4%
12Bet
3%
138.com
3%
aap3
3%
Alliance & Leicester
3%
AMD
3%
Capital One
3%
Cash Converters
3%
CIS
3%
Cooke Fuels
3%
Dial-a-Phone
3%
GWFX
3%
Karoo
3%
LBC
3%
Loans.co.uk
3%
Malaysia Airlines
3%
Spreadex
3%
Union Standard Group
3%
BETEAST
2%
Bodog
2%
Credit Financier Invest
2%
dabs.com
2%
Homeserve
2%
HSA
2%
K8
2%
Kyocera
2%
LaBa360
2%
LeTou
2%
Llanera
2%
MESH Computers
2%
TLCBET
2%
United Nations High Commissioner for Refugees
2%
West Bromwich Building Society
2%
Arnold Laver
1%
CSF
1%
Palm Eco-Town Development
1%
TXU Energi
1%
No matching quizzes found
Score Distribution
Percent of People with Each Score
Percentile by Number Answered
Your Score History
You have not taken this quiz since the last reset